000 02518nam0a2200421 4500
001 RU\NLR\bibl\243131
005 20260407072807.0
021 _aRU
_b2001-44792
_92135
035 _a(NLR Aleph) 000239002
090 _a1392542
_c1392542
100 _a20020305d2001 |||y0rusy50 ca
101 0 _arus
102 _aRU
105 _aa |||||||||
200 1 _aИсторико-культурное наследие Северной Азии: итоги и перспективы изучения на рубеже тысячелетий
_e(Материалы XLI Регион. археол.-этногр. студенч. конф., Барнаул, 25-30 марта 2001 г.)
_f[Отв. ред. А. А. Тишкин]
210 _aБарнаул
_cИзд-во Алт. гос. ун-та
_d2001
215 _a598,[1] с.
_cил.
_d26
300 _aВ надзаг.: М-во образования Рос. Федерации, Алт. гос. ун-т. Ист. фак.. Каф. археологии, этнографии и источниковедения, Федер. целевая прогр. "Интеграция". Направление 1.6. "Воссоздание науч. олимпиад, конкурсов, науч. молодеж. шк. и конф." (проект Р0037)
320 _aБиблиогр.: с. 546-589
606 0 _aАрхеология
_jСъезды, совещания и т.п.
_yАзия Северная
_92243683
_3RU\NLR\auth\661346177
606 0 _aЭтнография
_jСъезды, совещания и т.п.
_yАзия Северная
_92243687
_3RU\NLR\auth\661346179
610 0 _aАрхеологические памятники
610 0 _aНароды Северной Азии - Этнография
610 0 _aСеверная Азия, археология
675 _a903'1(082)
_v3
_zrus
686 _a03.41
_2rugasnti
686 _a63.4
_2rubbk
686 _aТ4(2Р5)я431
686 _aТ52(251)я431
702 1 _4340
_8rus
_7ca
_aТишкин
_bА. А.
_f1963-
_gАлексей Алексеевич
_3RU\NLR\auth\7727308
_910343
711 1 2 _aРегиональная археолого-этнографическая студенческая конференция Сибири и Дальнего Востока
_d41
_f2001
_eБарнаул
_3RU\NLR\AUTH\8810036636
_9571951
801 0 _aRU
_bRKP
_c20020305
_gPSBO
801 1 _aRU
_bRKP
_c20020305
801 2 _aRU
_bNLR
_c20051123
_grcr
942 _cBOOK
980 _aNB
980 _aNBR